Русская культура

Detalhes bibliográficos
Outros Autores: Волков А. А., Голдовский Б. П., Дмитриев Ю. А., Зак М. Е., Иванова Е. И.
Resumo:Авторы указ. на обороте тит. л.
Книга «Русская культура» представляет собой свод кратких очерков, посвященных истории русской культуры с древнейших времён до сегодняшнего дня. Отдельные очерки посвящены литературе, архитектуре и изобразительному искусству, музыке, театру, кино, цирку, эстраде, музейному делу. Книга рассчитана на широкий круг читателей и будет полезна школьникам-старшеклассникам, студентам ВУЗов, преподавателям, всем, интересующимся историей отечественной культуры.
Idioma:russo
Publicado em: Москва, Энциклопедия, 2007
Colecção:Библиотека новой Российской энциклопедии
Assuntos:
Formato: MixedMaterials Livro
KOHA link:https://koha.lib.tpu.ru/cgi-bin/koha/opac-detail.pl?biblionumber=121091

MARC

LEADER 00000nam0a2200000 4500
001 121091
005 20250606165054.0
010 |a 5948020150 
035 |a (RuTPU)RU\TPU\book\131114 
090 |a 121091 
100 |a 20070910d2007 m y0rusy50 ca 
101 0 |a rus 
102 |a RU 
105 |a ac z 001zy 
200 1 |a Русская культура  |f А. А. Волков, Голдовский Б. П., Дмитриев Ю. А. [и др.] 
210 |a Москва  |c Энциклопедия  |d 2007 
215 |a 320 с.  |c ил. 
225 1 |a Библиотека новой Российской энциклопедии 
300 |a Авторы указ. на обороте тит. л. 
320 |a Библиография: с. 318-319. 
330 |a Книга «Русская культура» представляет собой свод кратких очерков, посвященных истории русской культуры с древнейших времён до сегодняшнего дня. Отдельные очерки посвящены литературе, архитектуре и изобразительному искусству, музыке, театру, кино, цирку, эстраде, музейному делу. Книга рассчитана на широкий круг читателей и будет полезна школьникам-старшеклассникам, студентам ВУЗов, преподавателям, всем, интересующимся историей отечественной культуры. 
606 |a Русская культура  |x История  |9 81623 
610 1 |a Россия 
610 1 |a литература 
610 1 |a архитектура 
610 1 |a изобразительное искусство 
610 1 |a музыка 
610 1 |a театр 
610 1 |a драматический театр 
610 1 |a кукольный театр 
610 1 |a балет 
610 1 |a кино 
610 1 |a художественный кинематограф 
610 1 |a документальное кино 
610 1 |a анимационное кино 
610 1 |a цирк 
610 1 |a эстрада 
610 1 |a музеи 
686 |a Т3(2)-7  |2 rubbk 
701 1 |a Волков  |b А. А. 
701 1 |a Голдовский  |b Б. П. 
701 1 |a Дмитриев  |b Ю. А. 
701 1 |a Зак  |b М. Е. 
701 1 |a Иванова  |b Е. И. 
801 1 |a RU  |b 63413507  |c 20070910  |g PSBO 
801 2 |a RU  |b 63413507  |c 20150430  |g PSBO 
850 |a 63413507 
942 |c BK